000 00960nam0a2200313 4500
001 RU\NLR\bibl\283446
005 20250620140151.0
010 _a5-7067-0392-9
_910000
021 _aRU
_b2001-62890
_93065
035 _a(NLR Aleph) 000278893
090 _a1631722
_c1631722
100 _a20020426d2001 |||y0rusy50 ca
101 0 _arus
102 _aRU
105 _aa |||||||||
200 1 _aЛиза в детском парке
_eРаскраска
_e[Для дошк. и мл. шк. возраста
_fРис. Т. и Г. Сокольских]
210 _aМ.
_cЯблоко
_d2001
215 _a[17] с.
_cил.
_d20
610 0 _aКнижки-раскраски
675 _a087.5:688.727.97
_v3
_zrus
686 _a74.100.58
_2rubbk
686 _aШ9(2)60=Р7-8
801 0 _aRU
_bRKP
_c20020426
_gPSBO
801 1 _aRU
_bRKP
_c20020426
801 2 _aRU
_bNLR
_c20020725
_grcr
942 _cBOOK
980 _aNB